| 000 | 00437nam a22001817a 4500 | ||
|---|---|---|---|
| 003 | koha_MIRAKIL | ||
| 005 | 20231213095536.0 | ||
| 008 | 231213b |||||||| |||| 00| 0 ||| d | ||
| 020 | _b978-0-9702784-5-6 | ||
| 040 |
_aTR-IsEVY _btur _cTR-IsEVY |
||
| 082 | _a420 AND/A | ||
| 100 | _aANDERSON, SARA. | ||
| 245 | 2 | _aA DAY AT THE MARKET. | |
| 260 |
_bHarper, _c2009 |
||
| 300 | _a[ ] p. | ||
| 650 | _aİngiliz Dili. | ||
| 942 |
_2ddc _cBK |
||
| 999 |
_c5368 _d5368 |
||